000 00541nam a22002057a 4500
005 20220409085507.0
008 220409b ||||| |||| 00| 0 eng d
020 _a1860641768
040 _cAL
041 _aEnglish
082 _223
_a968
_bLESF
100 _aAlan Lester
_928746
245 _aFrom Colonization to Democracy
260 _aLondon
_bI B Tauris Publishers
_c1998
300 _a278 p.
_bPB
_c21x13 cm.
650 _aDemocracy
_928747
650 _aColonization
_928748
700 _aLESTER (Alan)
_928749
942 _2ddc
_cGF
999 _c222305
_d222305